000
00298nam a2200145Ia 4500
100
_a
Rao/P.N.
650
_a
PRODUCTION
942
_c
BK
366
_f
20
245
_a
CAD/CAM: PRINCIPLES AND APPLICATIONS
260
_b
#N/A
_c
2012
082
_a
670.285/RAO
300
_a
768
546
_a
ENGLISH
999
_c
33419
_d
33419